00193nam a2200073Ia 4500008004100000082001600041245004100057300002100098230907s9999||||xx |||||||||||||| ||und|| a687.16bPER 0aPerformance of protective clothing : avol. 7; 583 p. :